00769nam a2200157 i 450000100060000000300090000600700030001500800410001824501370005926000800019630000210027650502060029770000320050371000510053585200250058624492ES-MaACLt|021217s1888 sp ||||1| spa d00aActa de la sesión pública inaugural que la Academia Médico-Farmacéutica de Barcelona celebró el día 26 de enero de 1889. aBarcelona : b[s.n.], c1889 (fEst. tip. de la Casa Provincial de Caridad) a44 p. ; c27 cm.8 aContine: Memoria sobre los trabajos, estado y progreso de la Academia Médico-Farmacéutica de Barcelona durante el año 1888 leída en la sesión inaugural de 1889 / por Estanislao Andreu y Serra1 aAndreu y Serra, Estanislao.2 aAcademia Médico-Farmacéutica de Barcelona. aES-MaACLjT-524-F-11